[Event "XXVI. Rhein-Main-Open, Gruppe B"]
[Site "Bad Homburg vor der Höhe"]
[Date "2024.05.29"]
[Round "2"]
[White "Fang, Borui"]
[Black "Hees, Robin"]
[Result "1-0"]
[WhiteElo "1740"]
[BlackElo "1552"]
[PlyCount "97"]
[EventDate "2024.??.??"]
[WhiteTeam "SV Oberursel"]
[BlackTeam "SK Bad Homburg 1927"]

1. e4 c6 2. d4 d5 3. e5 Bf5 4. h4 h5 5. Bd3 Bxd3 6. Qxd3 e6 7. Nf3 Nd7 8. Bg5 Qb6 9. Qb3 Be7 10. c3 c5 11. Bxe7 Nxe7 12. Nbd2 Nf5 13. Qxb6 axb6 14. a3 c4 15. Ke2 b5 16. Nf1 Nb6 17. Ne3 Nxe3 18. fxe3 Na4 19. Rab1 Ke7 20. Rhf1 f6 21. Kd2 Nb6 22. Rbe1 Rhf8 23. e4 dxe4 24. Rxe4 f5 25. Re2 Nd5 26. Ng5 Kd7 27. g3 g6 28. Ref2 Rh8 29. Nf7 Rhf8 30. Nd6 b6 31. Nxb5 Rf7 32. Nd6 Rff8 33. Nxc4 Ra4 34. Ne3 Kc6 35. Nxd5 Kxd5 36. Kd3 b5 37. Ke3 Ra7 38. Kf4 Rff7 39. Rc1 Rac7 40. b3 Ra7 41. Rd2 Rxa3 42. c4+ bxc4 43. bxc4+ Kc6 44. d5+ exd5 45. cxd5+ Kb5 46. Rb2+ Ka5 47. Rc8 Ra7 48. d6 Rd3 49. Rcb8 1-0

[Event "XXVI. Rhein-Main-Open, Gruppe B"]
[Site "Bad Homburg vor der Höhe"]
[Date "2024.05.29"]
[Round "2"]
[White "Francke, Helmut"]
[Black "Arnold, Michael"]
[Result "1/2-1/2"]
[WhiteElo "1895"]
[BlackElo "1829"]
[PlyCount "100"]
[EventDate "2024.??.??"]
[WhiteTeam "SC Bad Nauheim"]
[BlackTeam "SK Langen"]

1. Nf3 d5 2. g3 c5 3. Bg2 Nc6 4. O-O e5 5. d3 Bd6 6. e4 Nge7 7. a4 O-O 8. Na3 d4 9. Nc4 Bc7 10. Bd2 h6 11. b3 Ng6 12. h3 Be6 13. Kh2 Qd7 14. Ng1 Rae8 15. Qh5 Kh7 16. Rae1 f6 17. Kh1 Bf7 18. Qe2 Be6 19. Kh2 Re7 20. h4 Nh8 21. Bh3 Nf7 22. Bxe6 Qxe6 23. g4 Rh8 24. Qf3 g5 25. h5 Nd6 26. Nxd6 Bxd6 27. Ne2 Nd8 28. Ng3 Qf7 29. Rb1 Ne6 30. Nf5 Rd7 31. Rb2 Nf4 32. Rfb1 Rhd8 33. a5 Bc7 34. Ra2 a6 35. Ra4 Rc8 36. Rc4 Bb8 37. Ra1 Rc6 38. Rca4 Ba7 39. R1a2 Rdc7 40. Kh1 Qd7 41. Ra1 Qf7 42. Rc4 Qd7 43. Ng3 Qe6 44. Rca4 Qd7 45. Nf1 Qe7 46. Bc1 Rc8 47. Nd2 R8c7 48. Nc4 Qf7 49. Bd2 Rc8 50. Rb1 Qe7 1/2-1/2

[Event "XXVI. Rhein-Main-Open, Gruppe B"]
[Site "Bad Homburg vor der Höhe"]
[Date "2024.05.29"]
[Round "2"]
[White "Glavev, Danail"]
[Black "Rausch, Pius"]
[Result "1-0"]
[WhiteElo "1683"]
[BlackElo "1153"]
[PlyCount "77"]
[EventDate "2024.??.??"]
[WhiteTeam "SK Bad Homburg 1927"]
[BlackTeam "SK Stadtallendorf"]

1. e4 c6 2. d4 d5 3. exd5 cxd5 4. Nf3 Bg4 5. h3 Bh5 6. Be2 Nc6 7. c3 e6 8. O-O Bd6 9. Re1 Nge7 10. Nbd2 O-O 11. Nb3 Bxf3 12. Bxf3 b5 13. Nc5 Bxc5 14. dxc5 Qc7 15. b4 a5 16. Bd2 axb4 17. cxb4 Ra4 18. Qb1 Ne5 19. Bd1 Ra6 20. Bf4 Nf3+ 21. Bxf3 Qxf4 22. Qb2 Nc6 23. Reb1 Rfa8 24. Be2 Rb8 25. a3 Qc7 26. g3 Qb7 27. h4 Rba8 28. h5 h6 29. Bd3 Ra4 30. Bc2 R4a6 31. Bd3 Ra4 32. Re1 Qa6 33. Reb1 Rb8 34. Bc2 Ra8 35. Bxa4 Qxa4 36. Qb3 Qa7 37. Ra2 d4 38. Qd3 Nxb4 39. Rxb4 1-0

[Event "XXVI. Rhein-Main-Open, Gruppe B"]
[Site "Bad Homburg vor der Höhe"]
[Date "2024.05.29"]
[Round "2"]
[White "Gold, Jan Christian"]
[Black "Schmid, Herbert"]
[Result "1-0"]
[WhiteElo "1969"]
[BlackElo "1818"]
[PlyCount "89"]
[EventDate "2024.??.??"]
[WhiteTeam "SK Bad Homburg 1927"]
[BlackTeam "SK Wertheim"]

1. Nf3 Nf6 2. d4 d5 3. c4 c6 4. cxd5 cxd5 5. Nc3 Nc6 6. Bf4 e6 7. e3 a6 8. Ne5 Bb4 9. Qb3 O-O 10. Nxc6 Bxc3+ 11. Qxc3 bxc6 12. Bd3 Bd7 13. O-O Qe7 14. h3 Rfc8 15. Rfc1 h6 16. a4 Nh5 17. Bh2 Nf6 18. Bf4 Nh5 19. Bh2 Nf6 20. a5 Ne8 21. Qa3 Qxa3 22. bxa3 Nc7 23. Rab1 Nb5 24. a4 Na3 25. Rb7 Be8 26. Rc3 Nc4 27. Bxc4 dxc4 28. Rxc4 Kh8 29. Kf1 Kg8 30. Ke1 Rd8 31. e4 Rdc8 32. Kd2 Rd8 33. Kc2 Rdc8 34. Kc3 c5 35. Rxc5 Rxc5+ 36. dxc5 Rc8 37. Bd6 Bxa4 38. Rb6 Rc6 39. Kb4 Bb5 40. Rxb5 axb5 41. Kxb5 Rc8 42. a6 f5 43. e5 Kf7 44. a7 Ke8 45. Bb8 1-0

[Event "XXVI. Rhein-Main-Open, Gruppe B"]
[Site "Bad Homburg vor der Höhe"]
[Date "2024.05.29"]
[Round "2"]
[White "Hasenpflug, Till"]
[Black "Fernandez Egea, Andres"]
[Result "0-1"]
[WhiteElo "1633"]
[BlackElo "1892"]
[PlyCount "60"]
[EventDate "2024.??.??"]
[WhiteTeam "SK Bad Homburg 1927"]
[BlackTeam "SF Frankfurt 1921"]

1. e4 e5 2. Nf3 Nc6 3. Bc4 Nf6 4. O-O Bc5 5. d4 Bxd4 6. Nxd4 Nxd4 7. Bg5 Ne6 8. f4 h6 9. fxe5 hxg5 10. exf6 gxf6 11. Nc3 c6 12. Qf3 Rh6 13. e5 d5 14. Bb3 Qc7 15. Rae1 Bd7 16. g3 O-O-O 17. exf6 Rdh8 18. Rf2 Qb6 19. Kh1 g4 20. Qe2 Ng5 21. Na4 Qc7 22. Qe5 Rxh2+ 23. Rxh2 Rxh2+ 24. Kxh2 Nf3+ 25. Kg2 Nxe5 26. Nc5 Bf5 27. Nd3 Be4+ 28. Kf2 Bxd3 29. cxd3 Nxd3+ 30. Ke2 Nxe1 0-1

[Event "XXVI. Rhein-Main-Open, Gruppe B"]
[Site "Bad Homburg vor der Höhe"]
[Date "2024.05.29"]
[Round "2"]
[White "Hensel, Roman"]
[Black "Reinhardt, Anton"]
[Result "0-1"]
[WhiteElo "1743"]
[BlackElo "1521"]
[PlyCount "84"]
[EventDate "2024.??.??"]
[WhiteTeam "SV Oberursel"]
[BlackTeam "Sabt Frankfurter TV 1860"]

1. d4 d5 2. c4 c6 3. Nc3 Nf6 4. e3 e6 5. Nf3 Nbd7 6. Be2 dxc4 7. a4 Bb4 8. Bxc4 O-O 9. O-O b6 10. Qb3 Qe7 11. Re1 c5 12. e4 cxd4 13. Nxd4 Bb7 14. f3 Rac8 15. Be3 Ne5 16. Nxe6 Nxc4 17. Nxf8 Nxe3 18. Rxe3 Bc5 19. Nb5 a6 20. Nxh7 Nxh7 21. Na3 Bxe3+ 22. Qxe3 Qc5 23. Kf2 Nf6 24. Rd1 Kf8 25. Qxc5+ Rxc5 26. Rd6 Bxe4 27. Rxb6 Bd3 28. Ke3 Nd5+ 29. Kd4 Nxb6 30. Kxc5 Nxa4+ 31. Kb4 Nb6 32. b3 Ke7 33. Ka5 Nd5 34. Nc4 Bxc4 35. bxc4 Ne3 36. c5 Kd7 37. Kb6 Nd5+ 38. Kxa6 Kc6 39. h4 Kxc5 40. g4 Kd4 41. Kb5 Ke3 42. Kc6 Kxf3 0-1

[Event "XXVI. Rhein-Main-Open, Gruppe B"]
[Site "Bad Homburg vor der Höhe"]
[Date "2024.05.29"]
[Round "2"]
[White "Kaiser, Danny"]
[Black "Jordake, Michael"]
[Result "0-1"]
[WhiteElo "1103"]
[BlackElo "1804"]
[PlyCount "74"]
[EventDate "2024.??.??"]
[WhiteTeam "SC Bad Nauheim"]
[BlackTeam "SC Bergen-Enkheim 1922"]

1. e4 e5 2. Nf3 Nc6 3. Bb5 Nf6 4. d3 Ne7 5. Nxe5 c6 6. Bc4 Qa5+ 7. Nc3 Qxe5 8. Be3 Ng6 9. d4 Qa5 10. O-O Bb4 11. e5 Nd5 12. Nxd5 cxd5 13. Bb3 Be7 14. Qf3 Nh4 15. Qxd5 Qxd5 16. Bxd5 Rb8 17. Bf4 g5 18. Bg3 Nf5 19. e6 Nxg3 20. exf7+ Kf8 21. fxg3 b5 22. Rae1 Bb7 23. Bb3 d5 24. Re5 Rd8 25. Rfe1 Bf6 26. Re8+ Kxf7 27. Rxh8 Rxh8 28. Rf1 Re8 29. c3 Kg7 30. Rf5 Re2 31. Bxd5 Bxd5 32. Rxd5 Rxb2 33. Rd7+ Kg6 34. Rxa7 b4 35. Rb7 bxc3 36. Rxb2 cxb2 37. d5 b1=Q+ 0-1

[Event "XXVI. Rhein-Main-Open, Gruppe B"]
[Site "Bad Homburg vor der Höhe"]
[Date "2024.05.29"]
[Round "2"]
[White "Keller, Konstantin"]
[Black "Faisz, David"]
[Result "1-0"]
[WhiteElo "1686"]
[BlackElo "1565"]
[PlyCount "57"]
[EventDate "2024.??.??"]
[WhiteTeam "SV 1920 Hofheim"]
[BlackTeam "SK 1926 Ettlingen"]

1. d4 d5 2. c4 c6 3. Nf3 Nf6 4. Nc3 Bf5 5. cxd5 cxd5 6. Qb3 b6 7. e4 dxe4 8. Ne5 Be6 9. Bb5+ Nbd7 10. d5 Bf5 11. Bg5 Ng4 12. Nxg4 Bxg4 13. Nxe4 g6 14. Nd6+ exd6 15. Bxd8 Rxd8 16. h3 Bf5 17. g4 Be4 18. f3 Bxf3 19. Qxf3 Bg7 20. Qe2+ Be5 21. Bxd7+ Rxd7 22. Qb5 Bg3+ 23. Kd2 Kd8 24. Qc6 Be5 25. Rhe1 Rc7 26. Qb5 Rc5 27. Qb3 Kd7 28. Rf1 Rf8 29. Qa4+ 1-0

[Event "XXVI. Rhein-Main-Open, Gruppe B"]
[Site "Bad Homburg vor der Höhe"]
[Date "2024.05.29"]
[Round "2"]
[White "Kolker, Vladislav"]
[Black "Friedel, Thomas"]
[Result "1/2-1/2"]
[WhiteElo "1896"]
[BlackElo "1674"]
[PlyCount "45"]
[EventDate "2024.??.??"]
[WhiteTeam "SC Bad Nauheim"]
[BlackTeam "SV 1946 Groß-Gerau"]

1. e4 e5 2. f4 d5 3. exd5 exf4 4. Nf3 Nf6 5. Bb5+ Bd7 6. Bc4 Bg4 7. Nc3 Bd6 8. O-O O-O 9. d4 Nbd7 10. Nb5 Nb6 11. Nxd6 Qxd6 12. Bb3 Nbxd5 13. c4 Ne3 14. Bxe3 fxe3 15. c5 Qe7 16. Qe2 Rad8 17. Rad1 Nd5 18. Bxd5 Rxd5 19. Rd3 Re8 20. Re1 Kf8 21. h3 Bxf3 22. Qxf3 Qd7 23. Rexe3 1/2-1/2

[Event "XXVI. Rhein-Main-Open, Gruppe B"]
[Site "Bad Homburg vor der Höhe"]
[Date "2024.05.29"]
[Round "2"]
[White "Krischak, Werner"]
[Black "Xu, Dorothea Sicheng"]
[Result "1-0"]
[WhiteElo "1791"]
[BlackElo "1256"]
[PlyCount "127"]
[EventDate "2024.??.??"]
[WhiteTeam "SK Marburg 1931/72"]
[BlackTeam "SK Bad Homburg 1927"]

1. d4 d5 2. c4 e6 3. Nc3 Nf6 4. cxd5 exd5 5. Bg5 Be6 6. e3 Be7 7. Nf3 O-O 8. Bd3 h6 9. Bh4 c5 10. dxc5 Bxc5 11. O-O Nc6 12. Rc1 Bb6 13. Na4 Bc7 14. Nc5 Re8 15. Nxb7 Qb8 16. Rxc6 Qxb7 17. Qc2 Bb6 18. Rc1 Rac8 19. Nd4 Bxd4 20. exd4 Rxc6 21. Qxc6 Qxc6 22. Rxc6 Bf5 23. Bf1 Re1 24. Rc3 Rd1 25. f3 Rxd4 26. Be1 Rd1 27. Kf2 d4 28. Rc5 Be6 29. Be2 Rb1 30. Rc2 Bxa2 31. Bd3 g6 32. Rc8+ Kg7 33. Bxb1 Bxb1 34. Rd8 d3 35. Bc3 Ba2 36. Rd6 Be6 37. Ke3 g5 38. Kxd3 Kg6 39. Bxf6 Kxf6 40. Ra6 Ke5 41. Rxa7 Bf5+ 42. Ke3 Kf6 43. Ra6+ Kg7 44. b4 Be6 45. Rxe6 fxe6 46. b5 Kf6 47. b6 Ke5 48. b7 Kd5 49. b8=Q h5 50. Qb5+ Kd6 51. Kd4 Ke7 52. Ke5 Kf7 53. Qd7+ Kg6 54. Qe8+ Kg7 55. Qxh5 g4 56. fxg4 Kf8 57. Kxe6 Kg7 58. Qg5+ Kf8 59. Qh6+ Kg8 60. Ke5 Kf7 61. Qh7+ Ke8 62. Kd6 Kf8 63. Ke6 Ke8 64. Qh8# 1-0

[Event "XXVI. Rhein-Main-Open, Gruppe B"]
[Site "Bad Homburg vor der Höhe"]
[Date "2024.05.29"]
[Round "2"]
[White "Lao, Theodora Siyuan"]
[Black "Ghaznavi, Massoud"]
[Result "0-1"]
[WhiteElo "1088"]
[BlackElo "1664"]
[PlyCount "134"]
[EventDate "2024.??.??"]
[WhiteTeam "SK Bad Homburg 1927"]
[BlackTeam "SV Oberursel"]

1. e4 e5 2. Nc3 a6 3. g3 Nf6 4. Bg2 Bc5 5. Nge2 Nc6 6. O-O O-O 7. d3 d6 8. Be3 Bb4 9. a3 Ba5 10. b4 Bb6 11. Bxb6 cxb6 12. d4 exd4 13. Nxd4 Ne5 14. Re1 b5 15. Nd5 Be6 16. Nxe6 fxe6 17. Nxf6+ Rxf6 18. f4 Qb6+ 19. Kf1 Nc4 20. Qe2 e5 21. Qf2 Qxf2+ 22. Kxf2 exf4 23. gxf4 Rxf4+ 24. Kg3 Raf8 25. c3 Ne5 26. Rad1 R8f6 27. h3 h5 28. Rf1 h4+ 29. Kh2 Rxf1 30. Rxf1 Rxf1 31. Bxf1 g5 32. Kg2 Kf7 33. Kf2 Ke6 34. Ke3 b6 35. Kd4 Nc6+ 36. Ke3 Ke5 37. Kf3 Nd8 38. Ke3 Ne6 39. Kf3 d5 40. exd5 Kxd5 41. Ke3 Ke5 42. Kf3 Nc7 43. Ke3 Nd5+ 44. Kf3 Nxc3 45. Ke3 Nb1 46. a4 bxa4 47. Bxa6 Nc3 48. Bc4 b5 49. Bg8 Nd5+ 50. Kd3 Nxb4+ 51. Kc3 Nd5+ 52. Bxd5 Kxd5 53. Kb4 Ke5 54. Ka3 Kf4 55. Kb4 Kg3 56. Ka3 Kxh3 57. Kb4 g4 58. Kxb5 a3 59. Kc5 a2 60. Kd5 a1=Q 61. Ke4 Qc3 62. Kd5 Kg3 63. Ke4 Qc5 64. Kd3 Kf3 65. Kd2 Qc4 66. Kd1 Ke3 67. Ke1 Qc1# 0-1

[Event "XXVI. Rhein-Main-Open, Gruppe B"]
[Site "Bad Homburg vor der Höhe"]
[Date "2024.05.29"]
[Round "2"]
[White "Lebermann, Hellmuth"]
[Black "Kovacs, Adam"]
[Result "1-0"]
[WhiteElo "1909"]
[BlackElo "1421"]
[PlyCount "71"]
[EventDate "2024.??.??"]
[WhiteTeam "SK Bad Homburg 1927"]
[BlackTeam "SK Gründau"]

1. e4 e6 2. d4 d5 3. e5 c5 4. c3 Nc6 5. Nf3 Qb6 6. Be2 cxd4 7. cxd4 Nge7 8. b3 Nf5 9. Bb2 Bb4+ 10. Kf1 Bd7 11. g3 O-O 12. g4 Nh6 13. h3 f6 14. exf6 gxf6 15. Na3 Nf7 16. Nc2 Bd6 17. Kg2 Ng5 18. Bd3 e5 19. Bf5 Bxf5 20. gxf5 Ne4 21. Nd2 Nxd2 22. Qxd2 e4 23. Rhg1 Kh8 24. Qh6 Rg8+ 25. Kh1 Be7 26. Ne3 Qd8 27. Rxg8+ Qxg8 28. Rg1 Qf7 29. Nxd5 Rg8 30. Rxg8+ Kxg8 31. Ne3 Bf8 32. Qh4 Qe7 33. d5 Ne5 34. Qxe4 Qc7 35. Nc4 Nxc4 36. Qe6+ 1-0

[Event "XXVI. Rhein-Main-Open, Gruppe B"]
[Site "Bad Homburg vor der Höhe"]
[Date "2024.05.29"]
[Round "2"]
[White "Leopold, Dieter"]
[Black "Fischer, Frederik"]
[Result "1/2-1/2"]
[WhiteElo "1844"]
[BlackElo "1616"]
[PlyCount "54"]
[EventDate "2024.??.??"]
[WhiteTeam "SK Königsspringer Wewels"]
[BlackTeam "SV Oberursel"]

1. e4 e5 2. Nf3 Nf6 3. Nxe5 d6 4. Nf3 Nxe4 5. d4 d5 6. Bd3 Bf5 7. O-O Be7 8. c4 c6 9. Qc2 Nd7 10. cxd5 cxd5 11. Qb3 Nb6 12. Bb5+ Bd7 13. Ne5 Nf6 14. Nc3 Bd6 15. Nxd7 Nfxd7 16. Re1+ Kf8 17. g3 Nf6 18. Bg5 Be7 19. Re3 a6 20. Bxf6 gxf6 21. Rae1 axb5 22. Rxe7 Nc4 23. Rxb7 Nd6 24. Qb4 Kg7 25. Rbe7 Nf5 26. Rb7 Nd6 27. Rbe7 Nf5 1/2-1/2

[Event "XXVI. Rhein-Main-Open, Gruppe B"]
[Site "Bad Homburg vor der Höhe"]
[Date "2024.05.29"]
[Round "2"]
[White "Li, Leo Jiayi"]
[Black "Clement, Marc"]
[Result "0-1"]
[WhiteElo "1151"]
[BlackElo "1659"]
[PlyCount "108"]
[EventDate "2024.??.??"]
[WhiteTeam "SV Oberursel"]
[BlackTeam "Altonaer SK von 1873 e.V"]

1. e4 d5 2. f3 dxe4 3. fxe4 e5 4. Qf3 Nf6 5. Nc3 c6 6. d3 Nbd7 7. a3 Nc5 8. b4 Ne6 9. Be3 Nd4 10. Bxd4 Qxd4 11. Nge2 Qd8 12. h3 b5 13. Qf2 a5 14. bxa5 Rxa5 15. Nb1 b4 16. a4 c5 17. Ng3 Bd7 18. c3 Bxa4 19. Qd2 Bd7 20. Qb2 Qa8 21. Rxa5 Qxa5 22. c4 Bd6 23. Be2 O-O 24. O-O Ra8 25. Nh5 Nxh5 26. Bxh5 f6 27. Rf2 Qd8 28. Qb3 Ba4 29. Qb2 Be7 30. Qe2 Qd4 31. Kh1 Rd8 32. Rf3 Bc6 33. Qe3 Qb2 34. Nd2 Qc2 35. Rg3 Kh8 36. Qe2 b3 37. Qd1 Ba4 38. Be2 Qa2 39. Qe1 b2 40. Nb1 Bc2 41. Nc3 Qa1 42. Qg1 Qa5 43. Nb1 Bxb1 44. Qxb1 Qa1 45. Qxa1 bxa1=Q+ 46. Kh2 Qe1 47. Bg4 Rb8 48. Rf3 Rb2 49. Rg3 Rd2 50. Bf3 Rxd3 51. h4 Rc3 52. Kh3 Rxc4 53. Kg4 h5+ 54. Kh3 Qh1# 0-1

[Event "XXVI. Rhein-Main-Open, Gruppe B"]
[Site "Bad Homburg vor der Höhe"]
[Date "2024.05.29"]
[Round "2"]
[White "Lopez Fuertes, Victor"]
[Black "Liu, Jonas"]
[Result "1-0"]
[WhiteElo "1748"]
[BlackElo "1632"]
[PlyCount "125"]
[EventDate "2024.??.??"]
[WhiteTeam "SC 1910 Höchst"]
[BlackTeam "SV Oberursel"]

1. e4 c5 2. c3 Nf6 3. e5 Nd5 4. d4 e6 5. Nf3 cxd4 6. cxd4 Nc6 7. Bc4 Nb6 8. Bb3 d6 9. O-O dxe5 10. dxe5 Qxd1 11. Rxd1 Bc5 12. Nc3 O-O 13. Ne4 Be7 14. Be3 Na5 15. h3 Nxb3 16. axb3 Nd5 17. Bxa7 b6 18. Nc3 Bc5 19. Nxd5 exd5 20. b4 Bxb4 21. Bxb6 Be6 22. Rxa8 Rxa8 23. Rc1 Rc8 24. Ra1 Kf8 25. Ra7 h6 26. Nd4 Bc5 27. Bxc5+ Rxc5 28. b3 Rc1+ 29. Kh2 Re1 30. Nc6 g6 31. b4 Rc1 32. b5 Rb1 33. Nd4 Rb4 34. Nxe6+ fxe6 35. Ra6 Ke7 36. b6 Kd7 37. g3 d4 38. Kg2 Rb3 39. b7 Rxb7 40. Rd6+ Ke7 41. Rxd4 Rb5 42. f4 g5 43. Kf3 Rb3+ 44. Kg4 Re3 45. Ra4 Kf7 46. h4 Kg6 47. h5+ Kf7 48. Ra7+ Kg8 49. Re7 gxf4 50. gxf4 Re1 51. Rxe6 Rg1+ 52. Kf5 Kf8 53. Rxh6 Rg8 54. Kf6 Ke8 55. e6 Kf8 56. f5 Ke8 57. Rh7 Kf8 58. h6 Ke8 59. Rg7 Rh8 60. h7 Kf8 61. Rg8+ Rxg8 62. hxg8=Q+ Kxg8 63. e7 1-0

[Event "XXVI. Rhein-Main-Open, Gruppe B"]
[Site "Bad Homburg vor der Höhe"]
[Date "2024.05.29"]
[Round "2"]
[White "Meyer Jany, Marcel"]
[Black "Graf, Michael"]
[Result "1-0"]
[WhiteElo "1785"]
[BlackElo "1775"]
[PlyCount "87"]
[EventDate "2024.??.??"]
[WhiteTeam "SK Herborn 1946"]
[BlackTeam "Schachunion Schorndorf e.V."]

1. d4 Nf6 2. Nf3 b5 3. e4 a6 4. e5 Nd5 5. a4 b4 6. Bd3 Bb7 7. O-O e6 8. c4 bxc3 9. Nxc3 d6 10. Qb3 Qc8 11. Be4 c6 12. Bd2 Nd7 13. Rac1 Nxc3 14. Rxc3 d5 15. Bb1 a5 16. Rfc1 Ra6 17. Qc2 Bb4 18. Rb3 Rb6 19. Bxb4 axb4 20. Qd2 O-O 21. Rxb4 Qc7 22. Qc3 Rc8 23. Nd2 Rxb4 24. Qxb4 c5 25. dxc5 Nxe5 26. Qh4 f5 27. b4 Ng6 28. Qg3 Nf4 29. Re1 Ba6 30. b5 Bb7 31. c6 Kf7 32. cxb7 Qc1 33. Qe3 d4 34. bxc8=Q Qxc8 35. Qxf4 Qc3 36. Bxf5 e5 37. Be6+ Ke7 38. Qg5+ Kd6 39. Qd8+ Kc5 40. Qc8+ Kb4 41. Qxc3+ dxc3 42. Ne4 c2 43. b6 Ka3 44. b7 1-0

[Event "XXVI. Rhein-Main-Open, Gruppe B"]
[Site "Bad Homburg vor der Höhe"]
[Date "2024.05.29"]
[Round "2"]
[White "Nahler, Michael"]
[Black "Vogel, Kurt"]
[Result "1-0"]
[WhiteElo "1884"]
[BlackElo "1751"]
[PlyCount "39"]
[EventDate "2024.??.??"]
[WhiteTeam "SV Oberursel"]
[BlackTeam "DJK Aufwärts St. Josef Aachen"]

1. e4 d5 2. exd5 Qxd5 3. Nc3 Qd8 4. Bc4 Nf6 5. Nf3 Bf5 6. O-O e6 7. d4 h6 8. d5 exd5 9. Nxd5 Nxd5 10. Bxd5 Nc6 11. Bf4 Qd7 12. Re1+ Be7 13. Ne5 Nxe5 14. Bxe5 O-O 15. Bxb7 Qxd1 16. Raxd1 Rab8 17. Bd5 Bd6 18. Bxd6 cxd6 19. Bb3 Rfd8 20. Re7 1-0

[Event "XXVI. Rhein-Main-Open, Gruppe B"]
[Site "Bad Homburg vor der Höhe"]
[Date "2024.05.29"]
[Round "2"]
[White "Nikonenko, Hlib"]
[Black "Bahlo, Jens"]
[Result "0-1"]
[WhiteElo "1648"]
[BlackElo "1888"]
[PlyCount "66"]
[EventDate "2024.??.??"]
[WhiteTeam "SV Oberursel"]
[BlackTeam "SK 1858 Gießen"]

1. e4 c5 2. Nf3 a6 3. a4 Nc6 4. d4 cxd4 5. Nxd4 e6 6. Nc3 Nge7 7. g3 Nxd4 8. Qxd4 Nc6 9. Qd1 Bc5 10. Bg2 O-O 11. O-O d6 12. Re1 Qb6 13. Qe2 Nb4 14. Rf1 Bd7 15. Nd1 a5 16. c3 Na6 17. Be3 Rac8 18. Qc2 Rfd8 19. b3 Bxe3 20. Nxe3 Nc5 21. Rab1 Qa6 22. Rfd1 b5 23. axb5 Bxb5 24. c4 Bc6 25. f3 Qb6 26. Qa2 Nxe4 27. fxe4 Qxe3+ 28. Kf1 Bxe4 29. Bxe4 Qxe4 30. Qxa5 Qf3+ 31. Kg1 Qe3+ 32. Kf1 Ra8 33. Qb4 Ra2 0-1

[Event "XXVI. Rhein-Main-Open, Gruppe B"]
[Site "Bad Homburg vor der Höhe"]
[Date "2024.05.29"]
[Round "2"]
[White "Nikonenko, Tymofii"]
[Black "Benz, Juergen"]
[Result "0-1"]
[WhiteElo "1230"]
[BlackElo "1666"]
[PlyCount "152"]
[EventDate "2024.??.??"]
[WhiteTeam "SV Oberursel"]
[BlackTeam "SK Bad Homburg 1927"]

1. d4 d5 2. Nf3 Bf5 3. b3 Nc6 4. Bb2 Nb4 5. Na3 Nf6 6. Rc1 Nxa2 7. Ra1 Nb4 8. c4 e6 9. e3 h6 10. Be2 b6 11. Ne5 a5 12. Qc1 Bd6 13. c5 Bxe5 14. dxe5 Ne4 15. cxb6 c6 16. Nc2 Qxb6 17. Nxb4 Qxb4+ 18. Kf1 O-O 19. Ba3 Qb6 20. Bxf8 Rxf8 21. g3 Bh3+ 22. Kg1 c5 23. Bf1 Bf5 24. Bg2 Qb4 25. h4 Nd2 26. Ra4 Nxb3 27. Rxb4 Nxc1 28. Rb5 Nd3 29. Rxa5 Rb8 30. Bf1 Rb1 31. g4 Bxg4 32. Kg2 Nxe5 33. Ra8+ Kh7 34. Bd3+ Nxd3 35. Rxb1 c4 36. Rc8 Bf5 37. Rc7 Bg6 38. Rb8 Bh5 39. Rd8 Ne5 40. f4 Nf3 41. Kg3 Nd2 42. Kf2 Kg6 43. Rdd7 Kf6 44. Rc6 Kf5 45. Kg3 Ke4 46. Kf2 Nf3 47. Ra7 Nxh4 48. Ra1 Nf5 49. Rb6 Nxe3 50. Re1 d4 51. Rb5 Bg6 52. Kg3 Kd3 53. Kf3 c3 54. Rb3 Kc2 55. Rbb1 Bh5+ 56. Ke4 Nd1 57. Rbxd1 Bxd1 58. Kxd4 Kd2 59. Rxd1+ Kxd1 60. Kxc3 Ke2 61. Kd4 Kf3 62. Ke5 h5 63. f5 exf5 64. Kxf5 h4 65. Kg5 h3 66. Kf5 h2 67. Ke5 h1=Q 68. Kd6 g5 69. Ke5 g4 70. Kf6 g3 71. Ke7 g2 72. Kf8 g1=R 73. Ke8 f5 74. Ke7 Qh6 75. Kf7 Rg7+ 76. Kf8 Qh8# 0-1

[Event "XXVI. Rhein-Main-Open, Gruppe B"]
[Site "Bad Homburg vor der Höhe"]
[Date "2024.05.29"]
[Round "2"]
[White "Pichl, Johann"]
[Black "Kulkovets, Roman"]
[Result "0-1"]
[WhiteElo "1708"]
[BlackElo "1684"]
[PlyCount "52"]
[EventDate "2024.??.??"]
[WhiteTeam "SK Bad Homburg 1927"]
[BlackTeam "SAbt TuS Makkabi Ffm"]

1. d4 Nf6 2. Nf3 e6 3. c3 c5 4. Bg5 cxd4 5. Bxf6 gxf6 6. Qxd4 Nc6 7. Qd1 Bc5 8. Nbd2 Qb6 9. Ne4 d5 10. Nxc5 Qxc5 11. e3 Rg8 12. Nd4 e5 13. Nb5 Ne7 14. Na3 a6 15. Nc2 Bf5 16. g3 Be4 17. Rg1 Nc6 18. Bg2 Bxg2 19. Rxg2 Qb5 20. b3 O-O-O 21. Qc1 Kb8 22. f3 d4 23. c4 Qc5 24. e4 d3 25. Ne3 d2+ 26. Rxd2 Qxe3+ 0-1

[Event "XXVI. Rhein-Main-Open, Gruppe B"]
[Site "Bad Homburg vor der Höhe"]
[Date "2024.05.29"]
[Round "2"]
[White "Pishnograev, Ilya"]
[Black "Pfaff, Helmut"]
[Result "1/2-1/2"]
[WhiteElo "1697"]
[BlackElo "1529"]
[PlyCount "46"]
[EventDate "2024.??.??"]
[WhiteTeam "SK Bad Homburg 1927"]
[BlackTeam "Vorw.Orient Mainz"]

1. e4 e5 2. Nf3 Nc6 3. Bb5 a6 4. Ba4 Be7 5. O-O Nf6 6. Re1 O-O 7. c3 d6 8. h3 b5 9. Bc2 Re8 10. d4 Na5 11. d5 c6 12. b4 Nc4 13. a4 Bb7 14. dxc6 Bxc6 15. axb5 axb5 16. Rxa8 Qxa8 17. Nbd2 Bd8 18. Qe2 Nxd2 19. Bxd2 Bc7 20. Bd3 Qb7 21. Nh4 h6 22. Qf3 d5 23. exd5 Bxd5 1/2-1/2

[Event "XXVI. Rhein-Main-Open, Gruppe B"]
[Site "Bad Homburg vor der Höhe"]
[Date "2024.05.29"]
[Round "2"]
[White "Ploetz, Hans Juergen"]
[Black "Sasikumar Anitha, Sarvesh"]
[Result "0-1"]
[WhiteElo "1769"]
[BlackElo "1704"]
[PlyCount "86"]
[EventDate "2024.??.??"]
[WhiteTeam "SC Bad Nauheim"]
[BlackTeam "SK 1858 Gießen"]

1. d4 Nf6 2. Nf3 g6 3. Bf4 Bg7 4. e3 O-O 5. Be2 c5 6. c3 cxd4 7. cxd4 d5 8. h3 Nc6 9. O-O Qb6 10. Qc1 Bd7 11. Nc3 Rac8 12. a3 Na5 13. Ne5 Nb3 14. Qb1 Bf5 15. Qa2 Nxa1 16. Rxa1 Be6 17. Na4 Qa5 18. Nc5 Qd2 19. Bd3 Qa5 20. b4 Qb6 21. Rb1 Nh5 22. Ned7 Bxd7 23. Nxd7 Qc6 24. Nxf8 Bxf8 25. Be5 Bg7 26. Bxg7 Kxg7 27. Qb3 Nf6 28. g3 Qc3 29. Kg2 Qd2 30. Qd1 Qxd1 31. Rxd1 Rc3 32. a4 Rb3 33. b5 Ra3 34. Bc2 Ra2 35. Bb3 Rb2 36. Rd3 e6 37. Kg1 Ne4 38. f4 Nxg3 39. Bd1 Nf5 40. Kf1 h5 41. Rc3 Rb1 42. Ke1 Nd6 43. Kd2 Ne4+ 0-1

[Event "XXVI. Rhein-Main-Open, Gruppe B"]
[Site "Bad Homburg vor der Höhe"]
[Date "2024.05.29"]
[Round "2"]
[White "Schleicher, Nicolai"]
[Black "Senft, Stefanie"]
[Result "1-0"]
[WhiteElo "1273"]
[BlackElo "790"]
[PlyCount "91"]
[EventDate "2024.??.??"]
[WhiteTeam "SV Frankfurt Nord 1926"]
[BlackTeam "SF Bremer Osten Bgh. Mahndorf"]

1. e4 e5 2. Nc3 Nc6 3. Bc4 Nf6 4. d3 h6 5. Nge2 Bc5 6. f4 d6 7. Na4 Nd7 8. Nxc5 Nxc5 9. O-O Bg4 10. Qe1 Qe7 11. Nc3 Nb4 12. Qf2 f6 13. f5 O-O-O 14. a3 Nc6 15. Qh4 h5 16. h3 Nd4 17. Qf2 Bxh3 18. gxh3 c6 19. b4 Nd7 20. Be3 c5 21. Bxd4 cxd4 22. Nd5 Qe8 23. Bb5 Rg8 24. Bxd7+ Rxd7 25. Kh2 Qf7 26. Rac1 Kb8 27. c3 g5 28. fxg6 Qxg6 29. Rg1 Qf7 30. Rxg8+ Qxg8 31. Qxf6 Rg7 32. Qxd6+ Ka8 33. Rc2 dxc3 34. Ne3 a6 35. Qxe5 h4 36. Ng4 Rg5 37. Qxc3 Qb8+ 38. Qc7 Qxc7+ 39. Rxc7 Rg8 40. e5 Kb8 41. Re7 Rd8 42. Nf2 Rd4 43. e6 Kc8 44. Rf7 Kd8 45. Rd7+ Ke8 46. Rxd4 1-0